Normal view
MARC view
Entry Topical Term
001 - CONTROL NUMBER
- control field: 11949
003 - CONTROL NUMBER IDENTIFIER
- control field: OSt
005 - DATE AND TIME OF LATEST TRANSACTION
- control field: 20191004114844.0
008 - FIXED-LENGTH DATA ELEMENTS
- fixed length control field: 191004|| aca||aabn | a|a d
040 ## - CATALOGING SOURCE
- Original cataloging agency: OSt
- Transcribing agency: OSt
150 ## - HEADING--TOPICAL TERM
- Topical term or geographic name entry element: Laitflang, W. R. -- Travel -- Meghalaya -- Diaries.
670 ## - SOURCE DATA FOUND
- Source citation: Work cat.: (OSt)511677: Laitflang, Wilson R. 11801, Diaries from my attic:, 2018
